|
|
|
|
| LEADER |
02181nam a2200589 a 4500 |
| 001 |
000663817 |
| 003 |
CZ BrMZK |
| 005 |
20081205111408.0 |
| 007 |
ta |
| 008 |
030328s2003 xr g 000 facze d |
| 015 |
|
|
|a cnb001243975
|
| 020 |
|
|
|a 80-86270-08-4
|q (brož.)
|
| 035 |
|
|
|a (OCoLC)53265817
|
| 040 |
|
|
|a BOA001
|b cze
|
| 041 |
1 |
|
|a cze
|h eng
|
| 043 |
|
|
|a n-us---
|a n-us-hi
|
| 045 |
|
|
|a x-y-
|
| 072 |
|
7 |
|a 821.111(73)-3
|x Americká próza
|2 Konspekt
|9 25
|
| 072 |
|
7 |
|a 929
|x Biografie
|2 Konspekt
|9 8
|
| 080 |
|
|
|a 821.111(73)-31
|2 MRF
|
| 080 |
|
|
|a 929
|2 MRF
|
| 080 |
|
|
|a 796.071.2
|2 MRF
|
| 080 |
|
|
|a 82-92-051
|2 MRF
|
| 080 |
|
|
|a 2-584.5
|2 MRF
|
| 080 |
|
|
|a 2-582/-587
|2 MRF
|
| 080 |
|
|
|a 17.02
|2 MRF
|
| 080 |
|
|
|a (73)
|2 MRF
|
| 080 |
|
|
|a (739.9)
|2 MRF
|
| 080 |
|
|
|a (0:82-312.6)
|2 MRF
|
| 080 |
|
|
|a (0:82-311.8)
|2 MRF
|
| 100 |
1 |
|
|a Millman, Dan,
|d 1946-
|7 mzk2003171530
|4 aut
|
| 245 |
1 |
0 |
|a Návrat pokojného bojovníka /
|c Dan Millman ; [z anglického originálu přeložil Rudolf Starý]
|
| 250 |
|
|
|a Vyd. 1.
|
| 260 |
|
|
|a Dolní Břežany :
|b Sagitarius,
|c 2003
|
| 300 |
|
|
|a 261 s. ;
|c 21 cm
|
| 500 |
|
|
|a Překlad z angličtiny
|
| 600 |
1 |
7 |
|a Millman, Dan,
|d 1946-
|7 mzk2003171530
|2 czenas
|
| 650 |
0 |
7 |
|a sportovci
|7 ph125942
|z Spojené státy americké
|y 20.-21. stol.
|2 czenas
|
| 650 |
0 |
7 |
|a publicisté
|7 ph124829
|z Spojené státy americké
|y 20.-21. stol.
|2 czenas
|
| 650 |
0 |
7 |
|a duchovní cesta
|7 ph119626
|2 czenas
|
| 650 |
0 |
7 |
|a sebepoznání
|7 ph116116
|2 czenas
|
| 650 |
0 |
7 |
|a smysl života
|7 ph125718
|2 czenas
|
| 655 |
|
7 |
|a americké romány
|7 fd131796
|2 czenas
|
| 655 |
|
7 |
|a autobiografické romány
|7 fd131852
|2 czenas
|
| 655 |
|
7 |
|a cestopisné romány
|7 fd131954
|2 czenas
|
| 651 |
|
7 |
|a Havajské ostrovy (Spojené státy americké)
|7 ge129234
|2 czenas
|
| 700 |
1 |
|
|a Starý, Rudolf,
|d 1939-
|7 jn20000402272
|4 trl
|
| 765 |
0 |
|
|t Sacred journey of the peaceful warrior
|9 Česky
|
| 856 |
4 |
1 |
|u http://www.digitalniknihovna.cz/mzk/uuid/uuid:44bfe5d0-bd26-11e2-8b87-005056827e51
|y Digitalizovaný dokument
|x NDK
|
| 910 |
|
|
|a BOA001
|b 2-1116.065
|
| 990 |
|
|
|a BK
|
| 996 |
6 |
|
|b 2610184997
|c 2-1116.065
|l MZK
|r Sklad / do 1 hodiny
|n 15
|p p.v.
|w 000663817
|u 000010
|a 1
|e BOA001
|j MZK50
|s P
|